[Event "Championnat de France - Open C"]
[Site "Nimes"]
[Date "2009.08.16"]
[Round "6.5"]
[White "Castellani, Florent"]
[Black "Aumont, Alexandre"]
[Result "0-1"]
[WhiteElo "1777"]
[BlackElo "1722"]
[PlyCount "54"]
[EventDate "2009.??.??"]

1. d4 f5 2. h3 d5 3. g4 fxg4 4. hxg4 Bxg4 5. Qd3 Nf6 6. Bg5 e6 7. f3 Bf5 8. e4
dxe4 9. fxe4 Bxe4 10. Bxf6 Bxd3 11. Bxd8 Bxf1 12. Bxc7 Bb5 13. Be5 Nd7 14. Rh5
Nxe5 15. Rxe5 Bd7 16. Nf3 Bd6 17. Re2 O-O 18. Ne5 Bb5 19. Re3 Rf1+ 20. Kd2 Rd8
21. a4 Bxe5 22. Rxe5 Rxd4+ 23. Kc3 Rxa4 24. Rxa4 Bxa4 25. Nd2 Rf5 26. Rxe6 Rc5+
27. Nc4 Bb5 0-1

[Event "Championnat de France - Open C"]
[Site "Nimes"]
[Date "2009.08.16"]
[Round "6.6"]
[White "Julien, Clement"]
[Black "Buclon, Francois"]
[Result "1-0"]
[WhiteElo "1770"]
[BlackElo "1710"]
[PlyCount "35"]
[EventDate "2009.??.??"]

1. e4 e5 2. Nf3 Nc6 3. Bc4 Bc5 4. c3 Nf6 5. d3 d5 6. exd5 Nxd5 7. b4 Bb6 8. b5
Na5 9. Nxe5 Qe7 10. O-O Nxc4 11. Nxc4 O-O 12. Ba3 Qg5 13. Nxb6 axb6 14. Bxf8
Bh3 15. Qf3 Nf4 16. g3 Bg2 17. Qxf4 Qd5 18. c4 1-0

[Event "Championnat de France - Open C"]
[Site "Nimes"]
[Date "2009.08.16"]
[Round "6.7"]
[White "Barta, Ismael"]
[Black "Saucey, Capucine"]
[Result "1/2-1/2"]
[WhiteElo "1733"]
[BlackElo "1766"]
[PlyCount "74"]
[EventDate "2009.??.??"]

1. Nf3 d5 2. d4 e6 3. c4 Nf6 4. Nc3 Bb4 5. a3 Bxc3+ 6. bxc3 Ne4 7. Qd3 b6 8.
cxd5 exd5 9. Bf4 O-O 10. g3 Ba6 11. Qc2 Re8 12. Be3 Nc6 13. Bg2 Na5 14. Nd2
Nxd2 15. Qxd2 Nb3 16. Qa2 Nxa1 17. Qxa1 c6 18. Bf3 Qe7 19. Qb2 Rad8 20. Qb4 Rd6
21. O-O h6 22. Re1 Rf6 23. Qxe7 Rxe7 24. h4 Rfe6 25. Rc1 Re8 26. Kf1 Rf6 27.
Ke1 Bc4 28. Kd2 Rfe6 29. Bg4 R6e7 30. Bf3 Kh7 31. h5 f5 32. Re1 a5 33. Bf4 Rd8
34. Bg2 b5 35. Bh3 Rf7 36. Be5 Kg8 37. Ke3 Kh7 1/2-1/2

[Event "Championnat de France - Open C"]
[Site "Nimes"]
[Date "2009.08.16"]
[Round "6.8"]
[White "Germond, Thierry"]
[Black "Lancelot, Renaud"]
[Result "1-0"]
[WhiteElo "1762"]
[BlackElo "1710"]
[PlyCount "133"]
[EventDate "2009.??.??"]

1. d4 d5 2. Nf3 c6 3. g3 Nf6 4. Bg2 Bf5 5. O-O e6 6. Nbd2 h6 7. c4 Nbd7 8. b3
Bd6 9. Bb2 Qc7 10. Rc1 Qa5 11. Bc3 Qxa2 12. Ra1 Qc2 13. Qxc2 Bxc2 14. Rfc1 Bh7
15. Ne5 O-O 16. b4 a6 17. f3 Rfd8 18. Nb3 Bc7 19. Bb2 Nxe5 20. dxe5 Nd7 21.
cxd5 exd5 22. f4 Bb6+ 23. Kh1 Nf8 24. Nc5 Bxc5 25. bxc5 Ne6 26. e3 a5 27. Ra4
Bd3 28. h4 h5 29. Ra3 Bf5 30. Ra4 Ra7 31. Kh2 Bd3 32. Bf3 g6 33. Bd4 Bb5 34.
Ra3 a4 35. Rg1 Kh7 36. Bd1 Rda8 37. g4 hxg4 38. Rxg4 Rh8 39. Kg3 Kg7 40. f5
Nxd4 41. exd4 Raa8 42. f6+ Kf8 43. Rg5 Rb8 44. Bg4 b6 45. e6 bxc5 46. dxc5 fxe6
47. Bxe6 Re8 48. Re3 Rxe6 49. Rxe6 Kf7 50. Rge5 d4 51. Rd6 Re8 52. Rxe8 Kxe8
53. Rxd4 Kf7 54. Rd6 a3 55. Rd7+ Kxf6 56. Ra7 Ke5 57. Rxa3 Kd4 58. Kf4 Kxc5 59.
Rg3 Be2 60. Rxg6 Kb5 61. Ke3 Bd1 62. Kd2 Bf3 63. Kc3 Kc5 64. h5 Be4 65. Rg4 Bb1
66. h6 Kd6 67. Rg7 1-0

[Event "Championnat de France - Open C"]
[Site "Nimes"]
[Date "2009.08.16"]
[Round "6.9"]
[White "Salgues, Michel"]
[Black "Testa, Stephane"]
[Result "0-1"]
[WhiteElo "1733"]
[BlackElo "1761"]
[PlyCount "62"]
[EventDate "2009.??.??"]

1. e4 e6 2. d4 d5 3. Bd3 c5 4. c3 Nf6 5. e5 Nfd7 6. Nh3 Nc6 7. O-O Qb6 8. a4 a6
9. a5 Qc7 10. Ng5 cxd4 11. cxd4 Nxd4 12. Bxh7 Qxc1 13. Qxc1 Ne2+ 14. Kh1 Nxc1
15. Rxc1 Be7 16. Nxe6 fxe6 17. Bg6+ Kf8 18. f4 Rh6 19. Bc2 Bb4 20. Ra4 Bc5 21.
Nd2 b5 22. Raa1 Be3 23. Rd1 Ke7 24. g3 Bb7 25. Nf3 Rc8 26. Bd3 d4 27. Rf1 Nc5
28. Bc2 Ne4 29. Bd1 Nxg3+ 30. Kg2 Nxf1 31. Kxf1 Bxf3 0-1

[Event "Championnat de France - Open C"]
[Site "Nimes"]
[Date "2009.08.16"]
[Round "6.10"]
[White "Gagnepain, Laurent"]
[Black "Noireaut, Hung"]
[Result "1-0"]
[WhiteElo "1726"]
[BlackElo "1746"]
[PlyCount "87"]
[EventDate "2009.??.??"]

1. d4 d5 2. Nf3 e6 3. c4 c6 4. cxd5 exd5 5. Nc3 Nf6 6. Bg5 Bf5 7. Qb3 b6 8. e3
Be7 9. Ne5 O-O 10. Rd1 Ng4 11. Bxe7 Qxe7 12. Nf3 Nd7 13. Be2 Qd6 14. h3 Nh6 15.
O-O Bg6 16. Nh4 f5 17. Nxg6 Qxg6 18. Bd3 Kh8 19. Nb1 Nf7 20. Qc2 Ng5 21. Kh2
Ne4 22. Bxe4 fxe4 23. f4 Nf6 24. Qf2 Rac8 25. Nc3 Qf5 26. Qh4 Ne8 27. g4 Qf7
28. Ne2 Nd6 29. b3 a5 30. f5 Nb5 31. Rc1 c5 32. Nf4 Qc7 33. Kh1 Rf6 34. Nxd5
Qf7 35. Nxf6 gxf6 36. Rg1 Rc6 37. g5 Nd6 38. g6 Qg7 39. gxh7 Nxf5 40. Rxg7 Nxh4
41. Rd7 Nf5 42. Rg1 Rc8 43. d5 Nxe3 44. Rdg7 1-0

[Event "Championnat de France - Open C"]
[Site "Nimes"]
[Date "2009.08.18"]
[Round "7.1"]
[White "Dell'Unto, Anthony"]
[Black "Macon, Arthur"]
[Result "0-1"]
[WhiteElo "1730"]
[BlackElo "1791"]
[PlyCount "120"]
[EventDate "2009.??.??"]

1. d4 Nf6 2. c4 e6 3. Nf3 b6 4. Nc3 Bb4 5. a3 Bxc3+ 6. bxc3 c5 7. Bf4 d6 8.
dxc5 dxc5 9. Qxd8+ Kxd8 10. O-O-O+ Nbd7 11. Ne5 Ke8 12. f3 Nh5 13. Bg5 h6 14.
Bh4 g5 15. Nxd7 Bxd7 16. Bf2 Ke7 17. h4 Ba4 18. Rd2 g4 19. e4 Rhg8 20. Be3 gxf3
21. gxf3 Ng3 22. Rg1 Nxf1 23. Rxf1 Bb3 24. Bxh6 Bxc4 25. Rfd1 Bb5 26. e5 Ba4
27. Bg5+ Rxg5 28. hxg5 Bxd1 29. Rxd1 Rh8 30. Kc2 Rh2+ 31. Kb3 Rg2 32. f4 Rf2
33. Kc4 Rxf4+ 34. Kb5 Re4 35. Rg1 Rxe5 36. Ka6 Kd7 37. g6 fxg6 38. Rxg6 Kc6 39.
Kxa7 b5 40. Rg8 Re3 41. Rc8+ Kd6 42. Kb6 Rxc3 43. Kxb5 Rxa3 44. Rc6+ Kd5 45.
Rxc5+ Kd4 46. Rc6 e5 47. Kb4 Ra1 48. Rd6+ Ke3 49. Kc3 Rc1+ 50. Kb2 Rc5 51. Rd8
e4 52. Rd7 Ke2 53. Rd8 e3 54. Rf8 Ke1 55. Rf7 e2 56. Rf8 Kd2 57. Rd8+ Ke3 58.
Re8+ Kf3 59. Re7 Rc4 60. Re8 Re4 0-1

[Event "Championnat de France - Open C"]
[Site "Nimes"]
[Date "2009.08.18"]
[Round "7.2"]
[White "Romero, Vladimir"]
[Black "Cepisul, Desire"]
[Result "1-0"]
[WhiteElo "1730"]
[BlackElo "1755"]
[PlyCount "67"]
[EventDate "2009.??.??"]

1. e4 c5 2. Nf3 a6 3. Qe2 Nc6 4. g3 d6 5. h3 Qc7 6. c3 e6 7. Bg2 Nf6 8. d3 Be7
9. O-O O-O 10. Re1 Re8 11. Bf4 Bd7 12. g4 b5 13. Nh2 e5 14. Bg3 Be6 15. f4 exf4
16. Bxf4 Rac8 17. Nd2 Ne5 18. Bg3 c4 19. d4 Nd3 20. g5 Nd7 21. d5 Bxd5 22. exd5
Bxg5 23. Qxe8+ Rxe8 24. Rxe8+ Nf8 25. Ne4 Be3+ 26. Kh1 Qd7 27. Ng4 Bg5 28.
Rxf8+ Kxf8 29. Nxg5 h6 30. Ne4 f5 31. Rf1 Kf7 32. Rxf5+ Kg6 33. Nxd6 Qa7 34.
Be4 1-0

[Event "Championnat de France - Open C"]
[Site "Nimes"]
[Date "2009.08.18"]
[Round "7.3"]
[White "Gagnepain, Laurent"]
[Black "Julien, Clement"]
[Result "0-1"]
[WhiteElo "1726"]
[BlackElo "1770"]
[PlyCount "70"]
[EventDate "2009.??.??"]

1. d4 d5 2. Nf3 Nf6 3. c4 e6 4. cxd5 exd5 5. Nc3 Bf5 6. Qb3 Nc6 7. Bg5 Na5 8.
Bxf6 Nxb3 9. Bxd8 Nxa1 10. Bxc7 Bb4 11. e3 Rc8 12. Bb5+ Ke7 13. O-O Bxc3 14.
bxc3 Rxc7 15. Rxa1 Rxc3 16. Nd2 Rhc8 17. Nb3 b6 18. Re1 Bc2 19. Nd2 Bd3 20.
Bxd3 Rxd3 21. Nb3 Rc2 22. f3 Rdc3 23. e4 Rxa2 24. exd5+ Kd6 25. Rb1 Rcc2 26. f4
Rcb2 27. Re1 Rxb3 28. g4 Rd3 29. f5 Rxd4 30. f6 Rxg4+ 31. Kh1 gxf6 32. h4 Rb2
33. h5 Rh4+ 34. Kg1 Rxh5 35. Ra1 a5 0-1

[Event "Championnat de France - Open C"]
[Site "Nimes"]
[Date "2009.08.18"]
[Round "7.4"]
[White "Baroudel, Hadrien"]
[Black "Germond, Thierry"]
[Result "1-0"]
[WhiteElo "1709"]
[BlackElo "1762"]
[PlyCount "121"]
[EventDate "2009.??.??"]

1. e4 c5 2. Nc3 Nc6 3. g3 g6 4. Bg2 Bg7 5. d3 d6 6. Be3 e6 7. Qd2 Rb8 8. Nge2
Nge7 9. Bh6 O-O 10. h4 f6 11. O-O b5 12. Bxg7 Kxg7 13. a3 Nd4 14. Nxd4 cxd4 15.
Ne2 e5 16. c3 dxc3 17. bxc3 Be6 18. f4 Qc8 19. a4 bxa4 20. Rxa4 Rb7 21. c4 Qb8
22. Ra2 Bg4 23. Nc3 Bd7 24. Rfa1 Bc6 25. Qe3 Nc8 26. Bh3 Bd7 27. Bxd7 Rxd7 28.
Nb5 Rff7 29. Kh1 Qb6 30. Qd2 Rb7 31. Ra6 Qd8 32. Qf2 Qd7 33. Kh2 Qe7 34. Qb2
Kg8 35. Qa3 Rd7 36. Rc6 Rf8 37. Qa6 Qd8 38. Qa2 Kh8 39. Qc2 Rdf7 40. Qc3 Kg8
41. Qa5 exf4 42. Qxd8 Rxd8 43. gxf4 Re7 44. Kg3 f5 45. Kf3 Kg7 46. Re1 fxe4+
47. dxe4 Red7 48. Nc7 Kf7 49. Nd5 Ne7 50. Ra6 Nxd5 51. cxd5 Rb8 52. Re3 Rb6 53.
Rea3 Kf6 54. Rxa7 Rxa7 55. Rxa7 Rb3+ 56. Ke2 Rb2+ 57. Kd3 Rb3+ 58. Kc4 Rf3 59.
Rd7 Rxf4 60. Rxd6+ Ke5 61. Re6# 1-0

[Event "Championnat de France - Open C"]
[Site "Nimes"]
[Date "2009.08.18"]
[Round "7.5"]
[White "Testa, Stephane"]
[Black "Malassagne, Jerome"]
[Result "1-0"]
[WhiteElo "1761"]
[BlackElo "1710"]
[PlyCount "135"]
[EventDate "2009.??.??"]

1. e4 d5 2. exd5 Qxd5 3. Nc3 Qa5 4. Nf3 Bg4 5. Be2 Nf6 6. O-O e6 7. d3 c6 8.
Bd2 Qd8 9. h3 Bxf3 10. Bxf3 Be7 11. Re1 O-O 12. Ne4 Nbd7 13. Bc3 Nxe4 14. Bxe4
Bf6 15. Bxf6 Nxf6 16. Rb1 Qa5 17. a3 Rfd8 18. Bf3 Rd7 19. Qc1 Rad8 20. b4 Qf5
21. Qb2 Nd5 22. Bxd5 Rxd5 23. Re3 Qf4 24. Qb3 Qc7 25. Rd1 Qb6 26. Rde1 h6 27.
Rg3 Qd4 28. Re4 Qa1+ 29. Kh2 Re5 30. Rxe5 Qxe5 31. Qc4 a5 32. Qh4 g5 33. Qxh6
f6 34. h4 Rd7 35. Qg6+ Rg7 36. Qe4 Qd6 37. Kg1 f5 38. Qc4 b5 39. Qc3 g4 40. Re3
a4 41. Qe5 Qxe5 42. Rxe5 Re7 43. Rc5 Rc7 44. c4 Rd7 45. Rxc6 Rxd3 46. cxb5 f4
47. Kh2 Kf7 48. b6 Rd8 49. Rc4 e5 50. b5 Kg6 51. Rxa4 Kh5 52. Rb4 Kxh4 53. a4
Re8 54. g3+ Kg5 55. gxf4+ exf4 56. Kg2 Rh8 57. a5 f3+ 58. Kg1 Re8 59. b7 Kh4
60. a6 Kh3 61. Kf1 Rd8 62. Ke1 g3 63. fxg3 Kxg3 64. Rb3 Kg2 65. Rxf3 Kxf3 66.
a7 Rg8 67. a8=Q Rg4 68. b8=Q+ 1-0

[Event "Championnat de France - Open C"]
[Site "Nimes"]
[Date "2009.08.18"]
[Round "7.6"]
[White "Aumont, Alexandre"]
[Black "Vyvyan, Philippe"]
[Result "1-0"]
[WhiteElo "1722"]
[BlackElo "1738"]
[PlyCount "127"]
[EventDate "2009.??.??"]

1. f4 d5 2. Nf3 c5 3. e3 g6 4. c3 Bg7 5. d4 c4 6. Nbd2 f6 7. e4 e6 8. g3 Nh6 9.
exd5 exd5 10. h3 O-O 11. Bg2 Nc6 12. Nf1 Nf5 13. g4 Re8+ 14. Kf2 Nd6 15. N3d2
Be6 16. Ne3 Ne7 17. Re1 Qd7 18. b3 b5 19. bxc4 bxc4 20. a4 f5 21. gxf5 Ndxf5
22. Nxf5 Nxf5 23. Nf3 Qd8 24. Ng5 Bf7 25. Rxe8+ Bxe8 26. Qf3 Bc6 27. Qg4 Qf6
28. Nf3 h5 29. Qg5 Qxg5 30. fxg5 Re8 31. Bf4 Ra8 32. Ne5 Bxe5 33. Bxe5 Rf8 34.
Ke2 Nh4 35. Bh1 Re8 36. Rf1 Nf5 37. Kd2 Re7 38. Rb1 Rb7 39. Rxb7 Bxb7 40. Bb8
a6 41. Bf4 Kf7 42. Kc1 Ke6 43. Kb2 Kd7 44. Ka3 Kc6 45. Kb4 Kb6 46. a5+ Kc6 47.
Bf3 Nd6 48. Bd1 Bc8 49. Ba4+ Nb5 50. Bc2 Bxh3 51. Bxg6 Nd6 52. Bxd6 Kxd6 53.
Bxh5 Be6 54. Be8 Bg8 55. g6 Be6 56. Bf7 Bf5 57. g7 Bh7 58. g8=Q Bxg8 59. Bxg8
Kc6 60. Be6 Kd6 61. Bc8 Kc6 62. Bxa6 Kd6 63. Bb7 Ke6 64. a6 1-0

[Event "Championnat de France - Open C"]
[Site "Nimes"]
[Date "2009.08.18"]
[Round "7.7"]
[White "Pouchon, Joffrey"]
[Black "Ginovart, Axel"]
[Result "1-0"]
[WhiteElo "1798"]
[BlackElo "1710"]
[PlyCount "87"]
[EventDate "2009.??.??"]

1. d4 Nf6 2. Nf3 g6 3. c4 Bg7 4. Nc3 O-O 5. e4 d6 6. Be2 c5 7. d5 e6 8. O-O a6
9. dxe6 fxe6 10. h3 Nc6 11. Be3 b6 12. Qc2 Bb7 13. Rad1 Qc7 14. Ng5 Rfe8 15. a3
Rad8 16. Rd2 Ne5 17. Rfd1 Qc6 18. f4 Nf7 19. Nxf7 Kxf7 20. Bf3 Qc7 21. Rd3 Bc6
22. Bf2 Bf8 23. Qd2 Be7 24. Qe2 Kg7 25. g4 Kg8 26. g5 Nd7 27. Bg4 Nf8 28. h4 b5
29. b3 Qb7 30. Re3 Qc7 31. cxb5 axb5 32. Nxb5 Qa5 33. a4 Rb8 34. Nxd6 Red8 35.
Nc4 Qa8 36. Rxd8 Rxd8 37. f5 exf5 38. exf5 Bd6 39. f6 Qb8 40. Nxd6 Qxd6 41. Re7
Qd5 42. f7+ Kg7 43. Qb2+ Qd4 44. Bxd4+ 1-0

[Event "Championnat de France - Open C"]
[Site "Nimes"]
[Date "2009.08.18"]
[Round "7.9"]
[White "Moreau, Philippe"]
[Black "Damour, Theo"]
[Result "0-1"]
[WhiteElo "1740"]
[BlackElo "1678"]
[PlyCount "92"]
[EventDate "2009.??.??"]

1. e4 c5 2. Nf3 Nc6 3. a3 Nf6 4. Nc3 e6 5. Be2 d5 6. e5 Nd7 7. Bb5 f6 8. exf6
Nxf6 9. d3 Bd7 10. O-O Bd6 11. Bg5 Qc7 12. Re1 O-O-O 13. Bxc6 Qxc6 14. b4 cxb4
15. Ne2 bxa3 16. Ned4 Qa6 17. Ne5 Bxe5 18. Rxe5 h6 19. Bc1 Qb6 20. c3 Qc7 21.
Bf4 a6 22. Rxa3 Rde8 23. Bg3 Qb6 24. Rb3 Qa7 25. h3 Ba4 26. Rxb7 Qxb7 27. Qxa4
Nd7 28. Nxe6 Nxe5 29. Nc5 Qb5 30. Qd4 Nd7 31. Nxd7 Qxd7 32. Qc5+ Kd8 33. Qb6+
Ke7 34. Qc5+ Kf7 35. Qd4 a5 36. Be5 Rxe5 37. Qxe5 Re8 38. Qf4+ Kg8 39. d4 a4
40. Qc1 Qe7 41. Qb2 a3 42. Qb3 Qd6 43. g3 Rb8 44. Qa4 Rb2 45. Qe8+ Kh7 46. Qf7
Qf6 0-1

[Event "Championnat de France - Open C"]
[Site "Nimes"]
[Date "2009.08.18"]
[Round "7.10"]
[White "Cepisul, Kenny"]
[Black "Lagache, Yves"]
[Result "1/2-1/2"]
[WhiteElo "1720"]
[BlackElo "1734"]
[PlyCount "64"]
[EventDate "2009.??.??"]

1. d4 Nf6 2. c4 g6 3. Nc3 d5 4. Nf3 Bg7 5. h3 dxc4 6. e4 a6 7. Bxc4 c5 8. e5
Nfd7 9. Ng5 e6 10. Nce4 O-O 11. Nd6 Nb6 12. Bb3 cxd4 13. f4 Nc6 14. Nf3 Nd7 15.
O-O Ndxe5 16. fxe5 Nxe5 17. Nxe5 Qxd6 18. Nc4 Qc5 19. Bf4 e5 20. Bg3 b5 21. Nd2
Bb7 22. Rc1 Qb6 23. Nf3 Rae8 24. Kh2 h6 25. Nxd4 exd4 26. Rc7 Re3 27. Rfxf7
Rxf7 28. Rxf7 Kh8 29. Qf1 Rxg3 30. Rf8+ Kh7 31. Bg8+ Kh8 32. Bd5+ Kh7 1/2-1/2

[Event "Championnat de France - Open C"]
[Site "Nimes"]
[Date "2009.08.19"]
[Round "8.1"]
[White "Macon, Arthur"]
[Black "Testa, Stephane"]
[Result "1-0"]
[WhiteElo "1791"]
[BlackElo "1761"]
[PlyCount "117"]

1. d4 d5 2. c4 Nc6 3. cxd5 Qxd5 4. Nf3 e5 5. Nc3 Bb4 6. e3 Bg4 7. Be2 exd4 8.
exd4 Bxc3+ 9. bxc3 Nge7 10. c4 Qd7 11. Bb2 O-O 12. O-O Ng6 13. d5 Bxf3 14. Bxf3
Nce5 15. Be2 f6 16. f4 Nf7 17. Kh1 Qd6 18. Qd2 Rfe8 19. Bd3 c6 20. dxc6 bxc6
21. Rad1 Qb8 22. Ba3 Rd8 23. Qf2 Qb6 24. Qg3 Nf8 25. Be7 Rxd3 26. Rxd3 Ng6 27.
Bxf6 gxf6 28. f5 Nfe5 29. Rb3 Qd4 30. fxg6 hxg6 31. Qf4 Qxf4 32. Rxf4 Rd8 33.
h3 Kf7 34. Rb7+ Ke6 35. Rxa7 g5 36. Re4 Kf5 37. Re1 Nxc4 38. Rf1+ Kg6 39. a4
Rd2 40. Re1 Kf5 41. Rb7 Ra2 42. Rb4 Ne5 43. Rf1+ Kg6 44. Rd4 c5 45. Rd6 Rxa4
46. Rdxf6+ Kg7 47. R6f5 Nd3 48. Rxg5+ Kh6 49. Rd5 c4 50. Rb1 Ra6 51. Kg1 Rc6
52. Rd1 Nb2 53. Rd6+ Rxd6 54. Rxd6+ Kg5 55. Kf2 Kf4 56. Ke2 Ke5 57. Rd8 Nd3 58.
Rxd3 cxd3+ 59. Kxd3 1-0

[Event "Championnat de France - Open C"]
[Site "Nimes"]
[Date "2009.08.19"]
[Round "8.2"]
[White "Julien, Clement"]
[Black "Romero, Vladimir"]
[Result "0-1"]
[WhiteElo "1770"]
[BlackElo "1730"]
[PlyCount "114"]

1. e4 c5 2. c3 Nf6 3. e5 Nd5 4. d4 cxd4 5. Nf3 Nc6 6. cxd4 d6 7. Bc4 Nb6 8. Bb5
dxe5 9. Nxe5 Bd7 10. Nxd7 Qxd7 11. Nc3 e6 12. O-O Be7 13. Qg4 O-O 14. Bh6 Qxd4
15. Qxd4 Nxd4 16. Be3 Nc2 17. Rad1 Nxe3 18. fxe3 Rfd8 19. Rxd8+ Rxd8 20. Rd1
Rc8 21. Be2 Kf8 22. Bf3 Rb8 23. b3 Ke8 24. Nb5 a6 25. Nd6+ Bxd6 26. Rxd6 Nd7
27. g3 Ke7 28. Rd2 Ne5 29. Bg2 Ng4 30. Re2 b6 31. h3 Ne5 32. Rc2 Rd8 33. Bb7 a5
34. Kf1 Rd7 35. Ba6 Rd1+ 36. Kf2 Kf6 37. Bb7 Nd7 38. Ke2 Ra1 39. Bc6 Nc5 40.
Rd2 Rc1 41. Bg2 Ke5 42. Rd4 Rc2+ 43. Rd2 Rxd2+ 44. Kxd2 Ne4+ 45. Kd3 Nxg3 46.
Kc4 Nf5 47. Kb5 Nxe3 48. Kxb6 Nxg2 49. Kxa5 Kd6 50. Ka6 Kc7 51. Ka7 Ne3 52. b4
Nd5 53. b5 Nb6 54. Ka6 e5 55. Ka5 e4 56. a4 Nxa4 57. Kxa4 e3 0-1

[Event "Championnat de France - Open C"]
[Site "Nimes"]
[Date "2009.08.19"]
[Round "8.3"]
[White "Baroudel, Hadrien"]
[Black "Dell'Unto, Anthony"]
[Result "1-0"]
[WhiteElo "1709"]
[BlackElo "1730"]
[PlyCount "85"]

1. e4 c5 2. Nc3 d6 3. g3 Nc6 4. Bg2 g6 5. d3 Bg7 6. Be3 Nf6 7. h3 Rb8 8. Qd2
Nd4 9. Nce2 Nxe2 10. Nxe2 O-O 11. d4 b6 12. O-O Bb7 13. d5 e6 14. Rad1 exd5 15.
exd5 Nd7 16. Bh6 Qf6 17. Bxg7 Kxg7 18. Qc3 Rfe8 19. Rfe1 Ba6 20. Qxf6+ Nxf6 21.
Nc3 g5 22. a4 h6 23. Bf1 Bxf1 24. Kxf1 a6 25. Rxe8 Rxe8 26. Re1 Rxe1+ 27. Kxe1
Kg6 28. g4 h5 29. f3 Kg7 30. Kf2 Kf8 31. Kg3 h4+ 32. Kf2 Ke7 33. f4 gxf4 34.
Kf3 b5 35. axb5 axb5 36. g5 Nh5 37. Nxb5 f5 38. Nc7 Kf7 39. Ne6 Kg6 40. Nxf4+
Kxg5 41. Nxh5 Kxh5 42. Kf4 Kg6 43. b3 1-0

[Event "Championnat de France - Open C"]
[Site "Nimes"]
[Date "2009.08.19"]
[Round "8.4"]
[White "Pouchon, Joffrey"]
[Black "Aumont, Alexandre"]
[Result "1/2-1/2"]
[WhiteElo "1798"]
[BlackElo "1722"]
[PlyCount "139"]

1. d4 f5 2. Nf3 Nf6 3. g3 g6 4. Bg2 Bg7 5. O-O O-O 6. c4 d6 7. Nc3 Nc6 8. d5
Na5 9. Nd2 c5 10. a3 Bd7 11. Qc2 Qc7 12. e3 a6 13. Rb1 Rfc8 14. b3 b5 15. Bb2
bxc4 16. bxc4 Rab8 17. Ba1 Ng4 18. h3 Ne5 19. Ne2 Qd8 20. f4 Nf7 21. Bxg7 Kxg7
22. Qc3+ Kg8 23. Kh2 Qc7 24. Rfc1 Ba4 25. Ng1 Nb7 26. Ne2 Bd7 27. Rb2 Nbd8 28.
Rcb1 e5 29. Nc1 Rxb2 30. Rxb2 Rb8 31. Rxb8 Qxb8 32. Qb3 Qxb3 33. Ncxb3 exf4 34.
exf4 Nb7 35. Bf3 Nh6 36. Kg2 Kf8 37. Bd1 Ke7 38. Kf2 Ng8 39. Ke3 Nf6 40. Nc1
Kd8 41. Na2 Kc7 42. Nc3 Na5 43. Be2 Bc8 44. Bd1 Bd7 45. Bf3 Bc8 46. Nd1 Bd7 47.
Nf2 h5 48. Bd1 Kd8 49. Bc2 Ke7 50. Bd1 Kd8 51. Bc2 Ke7 52. Bd3 Bc8 53. Nd1 Bd7
54. Nc3 Kd8 55. Ne2 Ba4 56. Ng1 Nb3 57. Ngf3 Nxd2 58. Kxd2 Bd7 59. Nh4 Be8 60.
Ke3 Ke7 61. Kf3 Ng8 62. g4 hxg4+ 63. hxg4 fxg4+ 64. Kxg4 Kf6 65. Kf3 Ne7 66.
Ng2 g5 67. fxg5+ Kxg5 68. Nf4 Bd7 69. Ke3 Kf6 70. Ne2 1/2-1/2

[Event "Championnat de France - Open C"]
[Site "Nimes"]
[Date "2009.08.19"]
[Round "8.5"]
[White "Cepisul, Desire"]
[Black "Heng, Jim"]
[Result "1/2-1/2"]
[WhiteElo "1755"]
[BlackElo "1675"]
[PlyCount "90"]

1. d4 Nf6 2. c4 e6 3. Nc3 Bb4 4. Qc2 c5 5. e3 Nc6 6. Nf3 d5 7. a3 Bxc3+ 8. bxc3
O-O 9. Be2 Re8 10. O-O Qc7 11. Bb2 b6 12. Rfd1 Ba6 13. cxd5 Bxe2 14. Qxe2 exd5
15. c4 cxd4 16. Nxd4 Nxd4 17. Rxd4 Rad8 18. Rc1 Qe7 19. Qf3 dxc4 20. Rdxc4 Ne4
21. Rc7 Rd7 22. Qg4 f5 23. Qf4 Nc5 24. Rxd7 Qxd7 25. Bd4 Re4 26. Qb8+ Re8 27.
Qg3 Ne4 28. Qf4 Rc8 29. Rxc8+ Qxc8 30. h3 Qc1+ 31. Kh2 Qxa3 32. Qxf5 Qe7 33.
Qc8+ Kf7 34. Qf5+ Nf6 35. f3 Qc7+ 36. Be5 Qd7 37. Qf4 Qc6 38. g4 h6 39. h4 a5
40. h5 a4 41. Qf5 a3 42. Bf4 a2 43. Qg6+ Kf8 44. Be5 Qe6 45. Ba1 Qf7 1/2-1/2

[Event "Championnat de France - Open C"]
[Site "Nimes"]
[Date "2009.08.19"]
[Round "8.6"]
[White "Damour, Theo"]
[Black "Careil, Maxime"]
[Result "0-1"]
[WhiteElo "1678"]
[BlackElo "1639"]
[PlyCount "56"]

1. d4 d5 2. e4 dxe4 3. Nc3 Nf6 4. f3 exf3 5. Nxf3 g6 6. Bc4 Bg7 7. Bf4 O-O 8.
Qd2 Nc6 9. Nb5 Ne4 10. Qe3 Nd6 11. Nxd6 exd6 12. O-O-O Re8 13. Qd2 d5 14. Bb3
Bg4 15. c3 Na5 16. h3 Bxf3 17. gxf3 Nxb3+ 18. axb3 c6 19. h4 Qf6 20. h5 Re6 21.
hxg6 fxg6 22. Qh2 h5 23. Rdf1 Rae8 24. Be5 Qf5 25. f4 b6 26. Rhg1 Bh6 27. Rg2
c5 28. dxc5 Rxe5 0-1

[Event "Championnat de France - Open C"]
[Site "Nimes"]
[Date "2009.08.19"]
[Round "8.7"]
[White "Artiaga, Harold"]
[Black "Lemaire, Olivier"]
[Result "0-1"]
[WhiteElo "1779"]
[BlackElo "1710"]
[PlyCount "92"]

1. g3 Nf6 2. c4 e5 3. Nc3 c6 4. e4 d6 5. Bg2 Be7 6. Nge2 O-O 7. h3 Be6 8. b3
Ne8 9. O-O f5 10. d3 Qc8 11. Kh2 g6 12. f4 Ng7 13. Be3 Nd7 14. Rc1 Qd8 15. Qd2
fxe4 16. dxe4 exf4 17. Bxf4 Ne5 18. Nd4 Qd7 19. Rcd1 Rad8 20. Nf3 Qc7 21. Ne2
Nxf3+ 22. Bxf3 Qc8 23. g4 b6 24. Qb4 Qc7 25. Qc3 Bf6 26. Qc2 Be5 27. Qd2 Rd7
28. Bxe5 dxe5 29. Qc3 Rfd8 30. Ng3 Rxd1 31. Rxd1 Rxd1 32. Bxd1 Qd6 33. Be2 c5
34. Kg2 Bd7 35. Nf1 Ne6 36. Ne3 Nf4+ 37. Kf3 Nxh3 38. Nd5 Ng1+ 39. Kf2 Nxe2 40.
Kxe2 Bxg4+ 41. Ke1 Kg7 42. a4 Be6 43. Nf4 Kg8 44. Ne2 Bg4 45. Nc1 Qd1+ 46. Kf2
Qd4+ 0-1

[Event "Championnat de France - Open C"]
[Site "Nimes"]
[Date "2009.08.19"]
[Round "8.8"]
[White "Castellani, Florent"]
[Black "Lancelot, Renaud"]
[Result "0-1"]
[WhiteElo "1777"]
[BlackElo "1710"]
[PlyCount "122"]

1. e4 c5 2. Nf3 e6 3. d4 cxd4 4. Nxd4 Nf6 5. Nc3 d6 6. Bg5 Be7 7. Qd2 h6 8.
Bxf6 Bxf6 9. O-O-O a6 10. f4 b5 11. Nb3 Bb7 12. a3 Bxc3 13. Qxc3 Bxe4 14. Qxg7
Ke7 15. Qd4 Bf5 16. h3 Nc6 17. Qe3 Qc7 18. g4 Bxc2 19. Kxc2 Nd4+ 20. Kb1 Qc2+
21. Ka2 Qxd1 22. Nxd4 Rac8 23. Bg2 Qa4 24. Nc6+ Rxc6 25. Qa7+ Kf6 26. Bxc6 Qc4+
27. Kb1 Qxc6 28. Qd4+ e5 29. fxe5+ dxe5 30. Rf1+ Ke6 31. Qf2 Qe4+ 32. Ka1 Qg6
33. Qb6+ Ke7 34. Qc7+ Kf8 35. Qxe5 Kg8 36. Rf6 Qg7 37. h4 Rh7 38. Qe8+ Qf8 39.
Qe5 Qc8 40. Rf4 Rg7 41. Qd4 Rg6 42. g5 hxg5 43. hxg5 Rxg5 44. Rh4 Rg7 45. Qf6
Rg1+ 46. Ka2 Qe6+ 47. Qxe6 fxe6 48. Re4 Kf7 49. Kb3 Kf6 50. Kb4 Kf5 51. Re2
Rg4+ 52. Kc5 e5 53. Rf2+ Ke6 54. Kb6 Ra4 55. Rf1 e4 56. Ra1 b4 57. Kc5 Ke5 58.
b3 Rxa3 59. Rb1 a5 60. Kc4 Ra2 61. Rd1 Kf4 0-1

[Event "Championnat de France - Open C"]
[Site "Nimes"]
[Date "2009.08.19"]
[Round "8.9"]
[White "Khalfaoui, Mathias"]
[Black "Saucey, Capucine"]
[Result "1/2-1/2"]
[WhiteElo "1680"]
[BlackElo "1766"]
[PlyCount "61"]

1. e4 e5 2. Nf3 Nc6 3. Bb5 a6 4. Ba4 Nf6 5. O-O Be7 6. Re1 b5 7. Bb3 O-O 8. c3
d5 9. exd5 Nxd5 10. Nxe5 Nxe5 11. Rxe5 c6 12. d4 Bd6 13. Re1 Qh4 14. g3 Qh3 15.
Qd3 Bg4 16. Bxd5 cxd5 17. Be3 f5 18. f4 g5 19. Qf1 Qh5 20. Nd2 Rae8 21. fxg5 f4
22. Bxf4 Be2 23. Qf2 Bxf4 24. gxf4 Qg4+ 25. Qg3 Qxf4 26. Qxf4 Rxf4 27. a4 bxa4
28. Rxa4 Rg4+ 29. Kf2 Rf4+ 30. Kg1 Rg4+ 31. Kf2 1/2-1/2

[Event "Championnat de France - Open C"]
[Site "Nimes"]
[Date "2009.08.19"]
[Round "8.10"]
[White "Germond, Thierry"]
[Black "Prieur, Axel"]
[Result "1/2-1/2"]
[WhiteElo "1762"]
[BlackElo "1698"]
[PlyCount "76"]

1. d4 f5 2. Nf3 e6 3. g3 Nf6 4. c4 b6 5. Bg2 Bb7 6. O-O Be7 7. b3 O-O 8. Nbd2
d6 9. Bb2 Nbd7 10. Ng5 Bxg2 11. Nxe6 Bxf1 12. Nxd8 Bxe2 13. Qxe2 Raxd8 14. Qe6+
Rf7 15. Qxf5 Rdf8 16. f4 g6 17. Qe6 Re8 18. Rf1 h5 19. Nf3 Bd8 20. Qh3 Ng4 21.
Re1 Rxe1+ 22. Nxe1 Re7 23. Qf1 Ndf6 24. Nd3 Re3 25. Bc1 Re8 26. h3 Nh6 27. f5
Nxf5 28. Qf4 Kg7 29. Nf2 Nh7 30. h4 Nf8 31. d5 Nd7 32. Ne4 Ne5 33. Bb2 Kf7 34.
Ng5+ Bxg5 35. hxg5 Ng4 36. Bc1 Re1+ 37. Kg2 Re2+ 38. Kg1 Re1+ 1/2-1/2